00375nam a22001577a 4500003000400000020001800004082001800022100002100040245003200061250001200093260003200105300000800137650002800145700002400173700002000197SGT a9780367355807 a612.015bP22P aPagano, Marcello aPrinciples of Biostatistics a3rd Ed. aBoca RatonbCRC Pressc2022 a604 aPublic Health Dentistry aGauvreau, Kimberlee aMattie, Heather